| 000 | 00854nam0a22002531 4500 | ||
|---|---|---|---|
| 001 | rc\3556458 | ||
| 005 | 20130115135849.9 | ||
| 021 |
_aRU _bРг12510-76 |
||
| 021 |
_aRU _b76-40699 |
||
| 035 | _a(NLR Aleph) 007682964 | ||
| 090 |
_a6558151 _c6558151 |
||
| 100 | _a20130115d1976 |||y0rusy50 ca | ||
| 101 | 0 | _arus | |
| 102 | _aRU | ||
| 105 | _aa z ||||| | ||
| 200 | 1 | _aСовершенствование экономической работы и управления производством на промышленном предприятии | |
| 210 |
_aКиев _cВища школа. Головное изд-во _d1976 |
||
| 215 |
_a176 с. _cсхем. _d21 |
||
| 700 | 1 |
_aКаракоз _bИ. И. _gИван Иванович |
|
| 801 | 0 |
_aRU _bNLR _gpsbo |
|
| 801 | 1 |
_aRU _bELAR _2rusmarc |
|
| 852 |
_aNLR _j76-3/7232 |
||
| 942 | _cBOOK | ||
| 980 | _aNB | ||